<?xml version="1.0" encoding="UTF-8"?>
<collection xmlns="http://www.loc.gov/MARC21/slim">
 <record>
  <leader>05310nam a2200445 a 4500</leader>
  <controlfield tag="001">kal822</controlfield>
  <controlfield tag="003">Gr-AtHEAL</controlfield>
  <controlfield tag="005">20160422092721.0</controlfield>
  <controlfield tag="006">m        d        </controlfield>
  <controlfield tag="008">160413s2015    gr      s           gre|c</controlfield>
  <datafield tag="020" ind1=" " ind2=" ">
   <subfield code="a">9789606032097</subfield>
  </datafield>
  <datafield tag="040" ind1=" " ind2=" ">
   <subfield code="a">GR-AtHEAL</subfield>
   <subfield code="b">gre</subfield>
   <subfield code="c">GR-AtHEAL</subfield>
  </datafield>
  <datafield tag="082" ind1="0" ind2="4">
   <subfield code="a">667</subfield>
   <subfield code="2">23</subfield>
  </datafield>
  <datafield tag="100" ind1="1" ind2=" ">
   <subfield code="a">Ελευθεριάδης, Ιωάννης.</subfield>
   <subfield code="8">775</subfield>
  </datafield>
  <datafield tag="245" ind1="1" ind2="0">
   <subfield code="a">Χημεία και Τεχνολογία του Χρώματος</subfield>
   <subfield code="h">[Ηλεκτρονικός πόρος] </subfield>
   <subfield code="b">Σύνθεση Ιδιότητες Εφαρμογή</subfield>
   <subfield code="c">ΤΣΑΤΣΑΡΩΝΗ, ΕΥΦΟΡΙΑ ; ΝΙΚΟΛΑΙΔΗΣ, ΝΙΚΟΛΑΟΣ ; ΕΛΕΥΘΕΡΙΑΔΗΣ, ΙΩΑΝΝΗΣ ; Κριτικός αναγνώστης,ΠΟΛΙΤΗΣ, ΑΝΑΣΤΑΣΙΟΣ ; Γραφιστική επιμέλεια,ΚΥΡΙΑΚΙΔΟΥ, ΕΛΕΝΗ ; Τεχνική επιμέλεια,ΜΑΡΓΟΥΝΑΚΗΣ, ΔΗΜΗΤΡΙΟΣ ; Γλωσσική επιμέλεια,ΚΑΤΣΑΡΟΥ, ΔΗΜΗΤΡΑ.</subfield>
  </datafield>
  <datafield tag="260" ind1=" " ind2=" ">
   <subfield code="a">Αθήνα :</subfield>
   <subfield code="b">Σύνδεσμος Ελληνικών Ακαδημαϊκών Βιβλιοθηκών,</subfield>
   <subfield code="c">c2015.</subfield>
  </datafield>
  <datafield tag="490" ind1=" " ind2=" ">
   <subfield code="a">Ακαδημαϊκά Ηλεκτρονικά Συγγράμματα και Βοηθήματα Κάλλιπος</subfield>
   <subfield code="8">40</subfield>
  </datafield>
  <datafield tag="520" ind1=" " ind2=" ">
   <subfield code="a">Το πρώτο κεφάλαιο αποτελεί μια εισαγωγή στο γνωστικό αντικείμενο παρουσιάζοντας βασικές έννοιες και γνώσεις.Ακολουθεί η ταξινόμηση των χρωστικών, φυσικών και συνθετικών με βάση τη χημική δομή τους.Τα κεφάλαια 2 - 7 πραγματεύονται τις κατηγορίες αυτές των χρωστικών με έμφαση στη σύνθεση και στην επιστημονική τεκμηρίωση των παραδοσιακών τρόπων βαφής.Στο κεφάλαιο 8 περιλαμβάνονται οι φυσικές χρωστικές ανάλογα με τη δομή τους, τη βαφική τους ικανότητα και τη μεγάλη σημασία τους από πλευράς περιβάλλοντοςΤο κεφάλαιο 9 περιλαμβάνει τα φθορίζοντα λαμπρυντικά.Στο κεφάλαιο 10 περιλαμβάνονται άλλες χρήσεις εκτός της βαφής.Στο κεφάλαιο 11 εξετάζονται τα οικολογικά προβλήματα από τη χρήση των χρωμάτων και η τοξικότητά τους.Το κεφάλαιο 12 περιλαμβάνει τα βοηθητικά της βαφής.Στο κεφάλαιο 13 παρουσιάζονται η θεωρία της βαφής ως φυσικοχημική διεργασία.Στο κεφάλαιο 14 γίνεται η ανάλυση του χρώματος ως φυσικό μέγεθος και η μέτρησή του.Στο κεφάλαιο 15 περιγράφονται οι βιομηχανικές συσκευές - μηχανές βαφής.Το κεφάλαιο 16 ασχολείται με την τυποβαφή και εκτύπωση επιφανειών, όπως ύφασμα, χαρτί με έμφαση και στις σύγχρονες τεχνολογίες τη ψηφιακής εκτύπωσης.Τέλος στο κεφάλαιο 17 δίνονται στοιχεία για τη δομή των σημαντικότερων υφάνσιμων ινών, φυσικών και συνθετικών, καθώς και οι κύριότερες επεξεργασίες των κλωστοϋφαντουργικών υλικών στις διάφορες μορφές τους.</subfield>
  </datafield>
  <datafield tag="650" ind1=" " ind2="0">
   <subfield code="a">Dyes and dyeing </subfield>
   <subfield code="x">Chemistry</subfield>
   <subfield code="8">2206</subfield>
  </datafield>
  <datafield tag="650" ind1=" " ind2="0">
   <subfield code="a">Chemical engineering</subfield>
   <subfield code="8">2207</subfield>
  </datafield>
  <datafield tag="653" ind1=" " ind2=" ">
   <subfield code="a">Υφάνσιμες ίνες - επεξεργασίες</subfield>
  </datafield>
  <datafield tag="653" ind1=" " ind2=" ">
   <subfield code="a">Τυποβαφή</subfield>
  </datafield>
  <datafield tag="653" ind1=" " ind2=" ">
   <subfield code="a">Μηχανές Βαφής</subfield>
  </datafield>
  <datafield tag="653" ind1=" " ind2=" ">
   <subfield code="a">Βαφή</subfield>
  </datafield>
  <datafield tag="653" ind1=" " ind2=" ">
   <subfield code="a">Χρωματομετρία - Μέτρηση χρώματος</subfield>
  </datafield>
  <datafield tag="653" ind1=" " ind2=" ">
   <subfield code="a">Κατηγοροιοποίηση</subfield>
  </datafield>
  <datafield tag="653" ind1=" " ind2=" ">
   <subfield code="a">Δομή</subfield>
  </datafield>
  <datafield tag="653" ind1=" " ind2=" ">
   <subfield code="a">Χρώμα</subfield>
  </datafield>
  <datafield tag="653" ind1=" " ind2=" ">
   <subfield code="a">Χημεία/Γενική χημεία</subfield>
   <subfield code="a">Χημεία μακρομορίων</subfield>
   <subfield code="a">Συνθετικές ίνες</subfield>
  </datafield>
  <datafield tag="653" ind1=" " ind2=" ">
   <subfield code="a">Χημεία/Γενική χημεία</subfield>
   <subfield code="a">Χημεία μακρομορίων</subfield>
   <subfield code="a">Φυσικές ίνες</subfield>
  </datafield>
  <datafield tag="653" ind1=" " ind2=" ">
   <subfield code="a">Χημεία/Γενική χημεία</subfield>
   <subfield code="a">Χημεία μακρομορίων</subfield>
   <subfield code="a">Κυτταρίνη</subfield>
  </datafield>
  <datafield tag="653" ind1=" " ind2=" ">
   <subfield code="a">Χημεία/Γενική χημεία</subfield>
   <subfield code="a">Ανόργανη χημεία</subfield>
   <subfield code="a">Χημεία βαφών</subfield>
  </datafield>
  <datafield tag="700" ind1="1" ind2=" ">
   <subfield code="a">Τσατσαρώνη, Ευφορία</subfield>
   <subfield code="e">Συγγραφέας</subfield>
   <subfield code="8">776</subfield>
  </datafield>
  <datafield tag="700" ind1="1" ind2=" ">
   <subfield code="a">Νικολαΐδης, Νικόλαος</subfield>
   <subfield code="e">Συγγραφέας</subfield>
   <subfield code="8">777</subfield>
  </datafield>
  <datafield tag="700" ind1="1" ind2=" ">
   <subfield code="a">Πολίτης, Αναστάσιος</subfield>
   <subfield code="e">Κριτικός αναγνώστης</subfield>
   <subfield code="8">778</subfield>
  </datafield>
  <datafield tag="856" ind1="4" ind2="0">
   <subfield code="u">http://hdl.handle.net/11419/822</subfield>
   <subfield code="z">Πλήρες Κείμενο - Full text</subfield>
  </datafield>
  <datafield tag="907" ind1=" " ind2=" ">
   <subfield code="a">.b25679156</subfield>
   <subfield code="b">12-06-18</subfield>
   <subfield code="c">29-07-16</subfield>
  </datafield>
  <datafield tag="949" ind1=" " ind2=" ">
   <subfield code="0">0</subfield>
   <subfield code="1">0</subfield>
   <subfield code="2">ddc</subfield>
   <subfield code="4">0</subfield>
   <subfield code="6">667_000000000000000_ΕΛΕ</subfield>
   <subfield code="7">0</subfield>
   <subfield code="8">KALL</subfield>
   <subfield code="8">674</subfield>
   <subfield code="d">2016-04-13</subfield>
   <subfield code="r">2016-04-13</subfield>
   <subfield code="w">2016-04-13</subfield>
   <subfield code="z">667 ΕΛΕ</subfield>
   <subfield code="o">SEAB KALLIPOS</subfield>
  </datafield>
  <datafield tag="998" ind1=" " ind2=" ">
   <subfield code="a">80</subfield>
   <subfield code="a">01</subfield>
   <subfield code="a">02</subfield>
   <subfield code="a">03</subfield>
   <subfield code="a">04</subfield>
   <subfield code="a">05</subfield>
   <subfield code="a">06</subfield>
   <subfield code="a">07</subfield>
   <subfield code="a">08</subfield>
   <subfield code="a">09</subfield>
   <subfield code="a">10</subfield>
   <subfield code="a">11</subfield>
   <subfield code="a">12</subfield>
   <subfield code="a">13</subfield>
   <subfield code="a">14</subfield>
   <subfield code="a">15</subfield>
   <subfield code="a">16</subfield>
   <subfield code="a">17</subfield>
   <subfield code="a">18</subfield>
   <subfield code="a">19</subfield>
   <subfield code="a">20</subfield>
   <subfield code="a">21</subfield>
   <subfield code="a">22</subfield>
   <subfield code="a">23</subfield>
   <subfield code="a">24</subfield>
   <subfield code="a">25</subfield>
   <subfield code="a">26</subfield>
   <subfield code="b">16-05-17</subfield>
   <subfield code="c">m</subfield>
   <subfield code="d">z  </subfield>
   <subfield code="e">-</subfield>
   <subfield code="f">gre</subfield>
   <subfield code="g">gr </subfield>
   <subfield code="h">0</subfield>
  </datafield>
  <datafield tag="942" ind1=" " ind2=" ">
   <subfield code="2">ddc</subfield>
   <subfield code="c">KALLIPOS</subfield>
  </datafield>
 </record>
</collection>
